000
00299cam a22001097a 4500
008
180718b1959 xxu||||| |||| 00| 0 eng d
082
_a
W03x54 In2/1959b
100
_a
Sinha, Jhulan
245
_a
Transport co-ordination bill, 1959
_c
by Jhulan Sinha
260
_a
Delhi
_b
Lok Sabha
_c
1959
300
_a
4p.
999
_c
498528
_d
498528